APL: a short course /

Bibliographic Details
Main Author: Pakin, Sandra, 1940-
Corporate Author: Computer Innovations, Inc
Format: Book
Language:English
Published: Englewood Cliffs, N.J. : Prentice-Hall, [1973]
Subjects:

MARC

Tag First Indicator Second Indicator Subfields
LEADER 00000pam a2200000 4500
001 in00000600521
005 20151014160953.0
008 730327s1973 nju b 00010 eng
010 |a  73005604  
020 |a 0130388777  |c $5.95 (pbk.) 
035 |a (OCoLC)00609820 
035 |9 ACS0275AM 
040 |a DLC  |c DLC  |d TXA  |d UtOrBLW 
049 |a TXAM  |c [1474487] 
050 0 0 |a QA76.73.A27  |b P35 
082 0 |a 001.6/424 
100 1 |a Pakin, Sandra,  |d 1940- 
245 1 0 |a APL: a short course /  |c [by] Sandra Pakin and the staff of Computer Innovations. 
264 1 |a Englewood Cliffs, N.J. :  |b Prentice-Hall,  |c [1973] 
300 |a xi, 157 pages ;  |c 24 cm. 
336 |a text  |b txt  |2 rdacontent 
337 |a unmediated  |b n  |2 rdamedia 
338 |a volume  |b nc  |2 rdacarrier 
504 |a Bibliography: page 157. 
650 0 |a APL (Computer program language) 
710 2 |a Computer Innovations, Inc. 
999 |a MARS 
999 f f |s 19aa151a-46d2-322f-9781-0fd9094a162c  |i f272f721-513e-3c43-94f3-3696d48e9d3d  |t 0 
952 f f |p normal  |a Texas A&M University  |b College Station  |c Sterling C. Evans Library  |d Evans: Library Stacks  |t 0  |e QA76.73.A27 P35  |h Library of Congress classification  |i unmediated -- volume  |m A14804464504 
998 f f |a QA76.73.A27 P35  |t 0  |l Evans: Library Stacks